| 000 | 00622nam a22002177a 4500 | ||
|---|---|---|---|
| 003 | KOHA_MİRAKIL | ||
| 005 | 20260331104307.0 | ||
| 008 | 260331b tu ||||| |||| 00| 0 tur d | ||
| 020 | _a9789963265930 | ||
| 040 |
_aTR-AnABB _btur _cTR-AnABB |
||
| 041 | _atur | ||
| 082 |
_a818.42 _bSAH 2016 |
||
| 100 | 1 | _aŞahoğlu, Hasibe Vehbi | |
| 245 | 1 | 0 |
_aÇıplak gerçekler / _cHasibe Vehbi Şahoğlu |
| 260 |
_aKKTC : _b[yayl. y.] , _c2016 |
||
| 300 |
_a213 sayfa ; _c20 cm |
||
| 500 | _aYazar imzalı | ||
| 650 | 0 | 4 | _aTürk edebiyatı, çeşitli eserler |
| 900 | _bCan ÇELIK | ||
| 942 |
_2ddc _cBK |
||
| 999 |
_c10106 _d10106 |
||